000 00522nam a2200181Ia 4500
003 GCL
008 140319s9999 xx 000 0 ara d
040 _aGCL /
_cGCL
082 0 4 _a796.31
_bى ك
100 1 _aياسر دبور
245 1 0 _aكرة اليد الحديثة /
_cياسر دبور
300 _a309 ص
490 _aالهيئة العامة للاستعلامات
_v0
650 0 4 _aكرة اليد
650 0 4 _aكرة اليد - تحكيم
650 0 4 _aكرة اليد - تدريب
942 _2ddc
_cBK
999 _c47712
_d47712